[Event "National interclub championship"]
[Site "Antwerp"]
[Date "1998.03.15"]
[Round "11"]
[White "Kuijf, Marinus"]
[Black "Groffen, Hans"]
[Result "1-0"]
[WhiteElo "2460"]
[BlackElo "2220"]
[Board "1"]
[WhiteTeam "K Antwerp SK"]
[BlackTeam "Jean Jaurès Ghent"]
[WhiteTitle "IM"]
[PlyCount "45"]
[EventDate "1997.10.05"]
[Source "BelgaBase"]

1. e4 e6 2. d4 d5 3. Nd2 Nf6 4. e5 Nfd7 5. c3 c5 6. Bd3 Nc6 7. Ngf3 Qb6 8. O-O
g6 9. dxc5 Qc7 10. Re1 Ndxe5 11. Nxe5 Nxe5 12. Rxe5 Qxe5 13. Bb5+ Bd7 14. Bxd7+
Kxd7 15. Nf3 Qc7 16. Qa4+ Kd8 17. Bf4 Qd7 18. Qa5+ Kc8 19. Ne5 Qe7 20. c6 Qc5
21. Qa4 g5 22. Be3 Qe7 23. cxb7+ 1-0

[Event "National interclub championship"]
[Site "Antwerp"]
[Date "1998.03.15"]
[Round "11"]
[White "Knoppert, Erik"]
[Black "de Wolf, Johan"]
[Result "1/2-1/2"]
[WhiteElo "2385"]
[BlackElo "2185"]
[Board "3"]
[WhiteTeam "K Antwerp SK"]
[BlackTeam "Jean Jaurès Ghent"]
[WhiteTitle "FM"]
[PlyCount "58"]
[EventDate "1997.10.05"]
[Source "BelgaBase"]

1. e4 d5 2. exd5 Nf6 3. Nc3 Nxd5 4. Bc4 Be6 5. Qf3 c6 6. Nge2 Nc7 7. Bb3 Nba6
8. Bxe6 Nxe6 9. a3 Nac7 10. O-O g6 11. h4 Bg7 12. d3 O-O 13. Re1 Qd7 14. Bd2
Nd5 15. Rad1 Nxc3 16. bxc3 Rfe8 17. d4 Rad8 18. Bc1 Qc7 19. g3 Qa5 20. Nf4 Nxf4
21. Bxf4 Qf5 22. Rd3 h5 23. Qe2 e6 24. Bc7 Rc8 25. Be5 Bxe5 26. dxe5 Red8 27.
Red1 Rd5 28. f4 Rcd8 29. Kg2 Kg7 1/2-1/2

[Event "National interclub championship"]
[Site "Mons"]
[Date "1998.03.15"]
[Round "11"]
[White "Degraeve, Jean-Marc"]
[Black "Bauer, Christian"]
[Result "1/2-1/2"]
[WhiteElo "2525"]
[BlackElo "2520"]
[Board "1"]
[WhiteTeam "L'Échiquier du Grand-Mons"]
[BlackTeam "La Tour d'Ans-Loncin"]
[WhiteTitle "GM"]
[BlackTitle "GM"]
[PlyCount "50"]
[EventDate "1997.10.05"]
[Source "BelgaBase"]

1. e4 e5 2. Nf3 Nc6 3. Bc4 Nf6 4. d3 Be7 5. O-O O-O 6. Re1 d6 7. a4 Kh8 8. a5
a6 9. c3 Ng8 10. d4 Bg4 11. Be3 f5 12. exf5 exd4 13. cxd4 d5 14. Be2 Bxf5 15.
Nc3 Nb4 16. Rc1 c6 17. Qa4 Nd3 18. Bxd3 Bxd3 19. Bd2 Bd6 20. Ne5 Bxe5 21. Rxe5
Qf6 22. f3 Nh6 23. Bxh6 gxh6 24. Qd1 Qf4 25. Ne2 Bxe2 1/2-1/2

[Event "National interclub championship"]
[Site "Mons"]
[Date "1998.03.15"]
[Round "11"]
[White "Cekro, Ekrem"]
[Black "Fontaine, Robert"]
[Result "0-1"]
[WhiteElo "2380"]
[BlackElo "2365"]
[Board "2"]
[WhiteTeam "La Tour d'Ans-Loncin"]
[BlackTeam "L'Échiquier du Grand-Mons"]
[WhiteTitle "IM"]
[BlackTitle "IM"]
[PlyCount "82"]
[EventDate "1997.10.05"]
[Source "BelgaBase"]

1. c4 e5 2. g3 c6 3. b3 d5 4. Bb2 Bd6 5. Bg2 Nf6 6. cxd5 cxd5 7. Nc3 Be7 8. d4
exd4 9. Qxd4 Nc6 10. Qd1 Bf5 11. g4 Bxg4 12. Nxd5 Nxd5 13. Qxd5 Nb4 14. Qxd8+
Rxd8 15. Kf1 O-O 16. Bxb7 Rd2 17. Be5 Re8 18. h3 Bf5 19. Nf3 Rd7 20. Nd4 Bg6
21. Bg2 f6 22. Nc6 Nc2 23. Bf3 fxe5 24. Nxe5 Rd2 25. Nc4 Rdd8 26. Rc1 Bg5 27.
e3 Nb4 28. Kg2 Nd3 29. Rcd1 Rf8 30. Rd2 Bh4 31. Rf1 Nc5 32. Rxd8 Rxd8 33. Rc1
Nd3 34. Rf1 Bf7 35. Rd1 Kf8 36. Kf1 Bxc4 37. bxc4 Ne5 38. Bd5 Nxc4 39. Rd4 Bf6
40. Bxc4 Bxd4 41. exd4 Rxd4 0-1

[Event "National interclub championship"]
[Site "Mons"]
[Date "1998.03.15"]
[Round "11"]
[White "Spiridonov, Nikola Iovinsky"]
[Black "Maes, Wim"]
[Result "1-0"]
[WhiteElo "2395"]
[BlackElo "2225"]
[Board "3"]
[WhiteTeam "L'Échiquier du Grand-Mons"]
[BlackTeam "La Tour d'Ans-Loncin"]
[WhiteTitle "GM"]
[PlyCount "103"]
[EventDate "1997.10.05"]
[Source "BelgaBase"]

1. Nf3 Nf6 2. g3 g6 3. b4 Bg7 4. Bb2 O-O 5. Bg2 d6 6. O-O e5 7. c4 a5 8. b5
Nbd7 9. d3 Nc5 10. a4 Nfd7 11. Nfd2 f5 12. Nb3 Nxb3 13. Qxb3 Nc5 14. Qc2 Bd7
15. Bc3 c6 16. Nd2 Kh8 17. Nb3 Qb6 18. Nxc5 Qxc5 19. Qb2 Qb6 20. bxc6 Qxb2 21.
Bxb2 Bxc6 22. Bxc6 bxc6 23. Rfb1 d5 24. Ba3 Rfb8 25. Bd6 Rd8 26. c5 Ra7 27. Rb6
Rc8 28. Rab1 e4 29. Rb8 Ra8 30. R8b7 exd3 31. exd3 Re8 32. Be7 Kg8 33. R1b6
Rac8 34. Rd7 Bd4 35. Rbb7 Rb8 36. Kf1 Rxb7 37. Rxb7 Be5 38. h4 Rc8 39. Bg5 Bd4
40. Be7 Be5 41. f4 Bd4 42. Kg2 h5 43. Kf1 Re8 44. Rc7 Bc3 45. Bd6 Re3 46. Rxc6
Rxd3 47. Rc8+ Kf7 48. c6 Ke6 49. Bc5 d4 50. Rd8 Rd1+ 51. Kg2 Bb4 52. c7 1-0

[Event "National interclub championship"]
[Site "Mons"]
[Date "1998.03.15"]
[Round "11"]
[White "Philippe, Christophe"]
[Black "Laurent, Bruno"]
[Result "1-0"]
[WhiteElo "2270"]
[BlackElo "2190"]
[Board "4"]
[WhiteTeam "La Tour d'Ans-Loncin"]
[BlackTeam "L'Échiquier du Grand-Mons"]
[PlyCount "37"]
[EventDate "1997.10.05"]
[Source "BelgaBase"]

1. e4 e6 2. d4 d5 3. Nc3 Bb4 4. Bd3 dxe4 5. Bxe4 Nf6 6. Bd3 O-O 7. Nf3 b6 8.
Qe2 Bb7 9. Bg5 Nbd7 10. Ne5 Be7 11. O-O-O h6 12. h4 a6 13. Rh3 Nxe5 14. dxe5
Nd5 15. Nxd5 Bxg5+ 16. hxg5 Bxd5 17. f4 Qe7 18. Rdh1 Qb4 19. c4 1-0

[Event "National interclub championship"]
[Site "Mons"]
[Date "1998.03.15"]
[Round "11"]
[White "Wantiez, Fabrice"]
[Black "Goossens, Étienne"]
[Result "1/2-1/2"]
[WhiteElo "2110"]
[BlackElo "2130"]
[Board "5"]
[WhiteTeam "L'Échiquier du Grand-Mons"]
[BlackTeam "La Tour d'Ans-Loncin"]
[PlyCount "67"]
[EventDate "1997.10.05"]
[Source "BelgaBase"]

1. d4 Nf6 2. c4 g6 3. Nc3 Bg7 4. e4 d6 5. Be2 O-O 6. Bg5 c5 7. d5 h6 8. Bf4 e6
9. dxe6 Bxe6 10. Bxd6 Re8 11. Bxb8 Rxb8 12. Qxd8 Rbxd8 13. Nf3 Bg4 14. h3 Bxf3
15. gxf3 Nh5 16. Nd5 Bxb2 17. Rb1 Bd4 18. Rxb7 Rb8 19. Rb3 Rxb3 20. axb3 Re6
21. Rg1 Ra6 22. f4 Ra1+ 23. Bd1 Ra2 24. Rg2 Ng3 25. f5 Nxe4 26. Bf3 Bxf2+ 27.
Kd1 Ng5 28. Be2 Bh4 29. fxg6 fxg6 30. Rg4 Ra1+ 31. Kc2 Ra2+ 32. Kd1 Ra1+ 33.
Kc2 Ra2+ 34. Kd1 1/2-1/2

[Event "National interclub championship"]
[Site "Mons"]
[Date "1998.03.15"]
[Round "11"]
[White "Gulbas, Cemil"]
[Black "Astolfi, Frédéric"]
[Result "1/2-1/2"]
[WhiteElo "2190"]
[BlackElo "2255"]
[Board "6"]
[WhiteTeam "La Tour d'Ans-Loncin"]
[BlackTeam "L'Échiquier du Grand-Mons"]
[PlyCount "48"]
[EventDate "1997.10.05"]
[Source "BelgaBase"]

1. e4 c6 2. Nc3 d5 3. Nf3 Bg4 4. h3 Bh5 5. exd5 cxd5 6. g4 Bg6 7. Ne5 Nc6 8.
Bb5 Qd6 9. d4 f6 10. Nxg6 hxg6 11. Qf3 e6 12. Bf4 Qd7 13. O-O-O Bd6 14. Na4
Nge7 15. Rhe1 b6 16. Re3 Kf8 17. Kb1 Bxf4 18. Qxf4 g5 19. Qg3 Ng6 20. Rc3 Nge7
21. Re1 Rc8 22. Rce3 Kf7 23. f4 gxf4 24. Qxf4 Qc7 1/2-1/2

[Event "National interclub championship"]
[Site "Mons"]
[Date "1998.03.15"]
[Round "11"]
[White "Pelle, Guillaume"]
[Black "Hautot, Stéphane"]
[Result "1/2-1/2"]
[WhiteElo "2180"]
[BlackElo "2055"]
[Board "7"]
[WhiteTeam "L'Échiquier du Grand-Mons"]
[BlackTeam "La Tour d'Ans-Loncin"]
[PlyCount "123"]
[EventDate "1997.10.05"]
[Source "BelgaBase"]

1. e4 c5 2. Nf3 d6 3. d4 cxd4 4. Nxd4 Nf6 5. Nc3 g6 6. Be3 Bg7 7. f3 O-O 8. Qd2
Nc6 9. Bc4 Bd7 10. h4 Rc8 11. Bb3 Ne5 12. O-O-O Nc4 13. Bxc4 Rxc4 14. h5 Nxh5
15. g4 Nf6 16. Nde2 Re8 17. Bh6 Bh8 18. e5 Nxg4 19. fxg4 Bxe5 20. Bf4 Bg7 21.
g5 Qa5 22. Be3 b5 23. Kb1 b4 24. Nd5 Bf5 25. Rc1 Be4 26. Rhd1 Qa4 27. b3 Qa3
28. Bd4 Rxd4 29. Nxd4 Bxd5 30. c3 Be4+ 31. Ka1 Qa6 32. cxb4 e5 33. b5 Qb6 34.
Nc6 Qxb5 35. Qxd6 Bxc6 36. Rxc6 e4+ 37. Kb1 e3 38. Re1 e2 39. Rcc1 Qb7 40. Rc2
Qb5 41. Rc5 Qb7 42. Qd3 Qg2 43. Rc2 Qxg5 44. Rcxe2 Rxe2 45. Rxe2 h5 46. Qf3
Qg1+ 47. Kc2 Qc5+ 48. Kd1 Qg1+ 49. Kd2 Bh6+ 50. Kd3 Qd1+ 51. Kc4 Qc1+ 52. Kb5
Bf8 53. Qd5 Qa3 54. Re8 Qxa2 55. Kc6 Qa6+ 56. Kd7 Qb6 57. Qe5 Qb7+ 58. Kd8 Qb6+
59. Kd7 Qb7+ 60. Kd8 Qb6+ 61. Kc8 Qc6+ 62. Kb8 1/2-1/2

[Event "National interclub championship"]
[Site "Mons"]
[Date "1998.03.15"]
[Round "11"]
[White "Colson, Arnaud"]
[Black "Pouvreau, David"]
[Result "1-0"]
[WhiteElo "2070"]
[BlackElo "2045"]
[Board "8"]
[WhiteTeam "La Tour d'Ans-Loncin"]
[BlackTeam "L'Échiquier du Grand-Mons"]
[PlyCount "35"]
[EventDate "1997.10.05"]
[Source "BelgaBase"]

1. d4 Nf6 2. c4 g6 3. Nc3 d5 4. Nf3 Bg7 5. e3 c5 6. dxc5 Qa5 7. Qa4+ Qxa4 8.
Nxa4 Ne4 9. Nd4 Bd7 10. Nb5 Bxb5 11. cxb5 Nd7 12. c6 bxc6 13. bxc6 Ne5 14. Bd2
Nxd2 15. Kxd2 Nxc6 16. Bb5 Kd7 17. Rac1 Rac8 18. Rc5 1-0

[Event "National interclub championship"]
[Site "Antwerp"]
[Date "1998.03.15"]
[Round "11"]
[White "Thirion, Marcel"]
[Black "Plomp, Gordon"]
[Result "1-0"]
[WhiteElo "2220"]
[BlackElo "2330"]
[Board "2"]
[WhiteTeam "SK Eupen '47"]
[BlackTeam "SK Moretus Hoboken"]
[PlyCount "115"]
[EventDate "1997.10.05"]
[Source "BelgaBase"]

1. e4 c5 2. Nf3 Nc6 3. d4 cxd4 4. Nxd4 Nf6 5. Nc3 e5 6. Ndb5 d6 7. Bg5 a6 8.
Na3 b5 9. Bxf6 gxf6 10. Nd5 Bg7 11. Bd3 Ne7 12. Nxe7 Qxe7 13. O-O O-O 14. Re1
f5 15. c4 Rb8 16. Rc1 fxe4 17. Bxe4 bxc4 18. Nxc4 f5 19. Bd5+ Kh8 20. b3 Bd7
21. Qh5 Rf6 22. Ne3 f4 23. Be4 Rh6 24. Nd5 Qd8 25. Qf3 Qg5 26. Qd3 Rf8 27. Rc7
f3 28. Bxf3 e4 29. Bxe4 Bb5 30. Qg3 Qxg3 31. hxg3 Bd4 32. Bf3 Rg6 33. g4 Be5
34. a4 Bd3 35. Be4 Bd4 36. Bf5 Bxf5 37. gxf5 Bxf2+ 38. Kxf2 Rxf5+ 39. Kg1 Rxd5
40. Re8+ Rg8 41. Ree7 Rh5 42. Ra7 a5 43. Red7 Rc8 44. Rxd6 Rg5 45. Rdd7 h5 46.
Rac7 Re8 47. Rb7 Ra8 48. Kh2 Rc8 49. Rdc7 Rd8 50. Rb5 Rg6 51. Rxa5 Kg8 52. Raa7
h4 53. Rab7 Rh6 54. Rc3 Ra6 55. Kh3 Ra5 56. Kxh4 Rd4+ 57. g4 Rdxa4 58. Rc8# 1-0

[Event "National interclub championship"]
[Site "Antwerp"]
[Date "1998.03.15"]
[Round "11"]
[White "Roofthoofd, Marcel"]
[Black "Timmermans, Ivo"]
[Result "1-0"]
[WhiteElo "2300"]
[BlackElo "2205"]
[Board "3"]
[WhiteTeam "SK Moretus Hoboken"]
[BlackTeam "SK Eupen '47"]
[WhiteTitle "FM"]
[PlyCount "77"]
[EventDate "1997.10.05"]
[Source "BelgaBase"]

1. e4 e5 2. Nf3 Nc6 3. d4 exd4 4. Bc4 Nf6 5. e5 d5 6. Bb5 Ne4 7. Nxd4 Bc5 8.
O-O Bd7 9. Bxc6 bxc6 10. f3 Ng5 11. f4 Ne4 12. Nc3 Nxc3 13. bxc3 O-O 14. Kh1 f6
15. Nb3 Bb6 16. a4 a5 17. Ba3 Re8 18. Qh5 Be6 19. Rae1 f5 20. Rd1 Qd7 21. c4 g6
22. Qe2 Qf7 23. c5 Ba7 24. Qd2 d4 25. Nxd4 Bc4 26. Rfe1 Bd5 27. Qc3 Qe7 28. Rf1
Qh4 29. Bb2 Rab8 30. Ba1 Qg4 31. Nf3 Re6 32. Qxa5 Ra8 33. Qa6 Ree8 34. Rxd5
cxd5 35. Qf6 Bxc5 36. e6 d4 37. Qf7+ Kh8 38. Nxd4 Bxd4 39. Bxd4# 1-0

[Event "National interclub championship"]
[Site "Antwerp"]
[Date "1998.03.15"]
[Round "11"]
[White "Frank, Albert"]
[Black "Soetewey, Steven"]
[Result "1/2-1/2"]
[WhiteElo "2035"]
[BlackElo "2180"]
[Board "6"]
[WhiteTeam "SK Eupen '47"]
[BlackTeam "SK Moretus Hoboken"]
[PlyCount "88"]
[EventDate "1997.10.05"]
[Source "BelgaBase"]

1. c4 Nc6 2. Nc3 Nf6 3. g3 h5 4. d3 h4 5. gxh4 d5 6. cxd5 Nxd5 7. Bg2 Nxc3 8.
bxc3 Rxh4 9. Nf3 Rg4 10. Kf1 e5 11. h3 Rg6 12. Qa4 Qd7 13. Rb1 Be7 14. h4 Qg4
15. Qxg4 Rxg4 16. e4 Rg6 17. Bh3 Bxh3+ 18. Rxh3 O-O-O 19. Ng5 Rh8 20. Nf3 Rd6
21. Ke2 f6 22. Rg3 Rh7 23. Rg6 Nd8 24. d4 exd4 25. cxd4 Ra6 26. a3 Bxa3 27.
Bxa3 Rxa3 28. d5 Nf7 29. Rbg1 Rxf3 30. Kxf3 Ne5+ 31. Ke3 Nxg6 32. Rxg6 a5 33.
h5 a4 34. Kd4 a3 35. Rg3 Rxh5 36. Rxa3 Rh2 37. Rg3 Rxf2 38. Rxg7 b6 39. Rf7 Kd8
40. Ke3 Rf1 41. Ke2 Rc1 42. Rxf6 Rc3 43. Kd2 Rh3 44. Rf7 b5 1/2-1/2

[Event "National interclub championship"]
[Site "Brussels"]
[Date "1998.03.15"]
[Round "11"]
[White "Ahn, Martin"]
[Black "Mohandesi, Shahin"]
[Result "1/2-1/2"]
[WhiteElo "2310"]
[BlackElo "2285"]
[Board "2"]
[WhiteTeam "SK Rochade Eupen"]
[BlackTeam "CC Anderlecht"]
[WhiteTitle "FM"]
[BlackTitle "FM"]
[PlyCount "86"]
[EventDate "1997.10.05"]
[Source "BelgaBase"]

1. e4 c5 2. Nf3 d6 3. d4 cxd4 4. Nxd4 Nf6 5. Nc3 Nc6 6. Be3 Ng4 7. Bb5 Nxe3 8.
fxe3 Bd7 9. O-O Ne5 10. Nf3 Bxb5 11. Nxb5 f6 12. Nxe5 dxe5 13. Qxd8+ Rxd8 14.
Rfd1 Rxd1+ 15. Rxd1 e6 16. Nc7+ Ke7 17. Nb5 g6 18. Nxa7 Bh6 19. Rd3 Ra8 20. Nb5
Rxa2 21. Rb3 Kd7 22. Na3 Kc7 23. Rc3+ Kb8 24. Nc4 Ra6 25. Rd3 Kc7 26. Na3 Ra4
27. Rc3+ Kb8 28. Nc4 Ra6 29. Rd3 Kc7 30. Na3 Rb6 31. Rc3+ Rc6 32. Kf2 Rxc3 33.
Nb5+ Kc6 34. Nxc3 Bf8 35. Ke2 Bb4 36. Nd1 Ba5 37. Nf2 h5 38. Nd3 Kb5 39. h3 Kc4
40. g3 Bb6 41. Kd2 Ba5+ 42. Ke2 Bb6 43. Kd2 Ba5+ 1/2-1/2

[Event "National interclub championship"]
[Site "Brussels"]
[Date "1998.03.15"]
[Round "11"]
[White "Coenen, Norbert"]
[Black "Henris, Luc"]
[Result "1-0"]
[WhiteElo "2335"]
[BlackElo "2250"]
[Board "4"]
[WhiteTeam "SK Rochade Eupen"]
[BlackTeam "CC Anderlecht"]
[WhiteTitle "FM"]
[BlackTitle "FM"]
[PlyCount "115"]
[EventDate "1997.10.05"]
[Source "BelgaBase"]

1. e4 e5 2. Nf3 Nc6 3. Bb5 f5 4. Nc3 fxe4 5. Nxe4 d5 6. Nxe5 dxe4 7. Nxc6 Qg5
8. Qe2 Nf6 9. f4 Qh4+ 10. g3 Qh3 11. Ne5+ c6 12. Bc4 Bc5 13. d3 Ng4 14. d4 Nxe5
15. dxe5 Bg4 16. Qxe4 O-O-O 17. Be2 Rd4 18. Bxg4+ Qxg4 19. Qe2 Qf5 20. g4 Qg6
21. f5 Qxg4 22. Qxg4 Rxg4 23. Ke2 Re4+ 24. Kd3 Rxe5 25. c3 Rxf5 26. b4 Bb6 27.
a3 Re8 28. Ra2 Rf3+ 29. Kc4 Re4+ 30. Kb3 Bd4 31. Rc2 Bf6 32. Rg1 Kd7 33. a4 Ke6
34. Rgg2 h6 35. a5 g5 36. Bd2 Kf5 37. a6 b5 38. Bc1 Rc4 39. Bb2 Be7 40. Ka2 c5
41. Rge2 Re4 42. Rxe4 Kxe4 43. c4 cxb4 44. Re2+ Re3 45. Rxe3+ Kxe3 46. cxb5 Ke4
47. b6 Bc5 48. bxa7 Bxa7 49. Kb3 g4 50. Kxb4 h5 51. Bf6 Kd5 52. Kb5 Ke4 53. Bd8
Kf3 54. Bb6 Bb8 55. Kc6 h4 56. Kb7 Ba7 57. Bxa7 g3 58. Bb8 1-0